|
|
|
|
| LEADER |
00909ncm a22002412a 4500 |
| 001 |
000825016 |
| 003 |
CZ BrMZK |
| 005 |
20120730075035.0 |
| 007 |
qu |
| 008 |
060906s1910 gw |||||r|||||||| zxx d |
| 040 |
|
|
|a BOA001
|b cze
|c BOA001
|
| 072 |
|
7 |
|a 787
|x Hudba pro strunné a smyčcové nástroje
|2 Konspekt
|9 9
|
| 100 |
1 |
|
|a Boccherini, Luigi,
|d 1743-1805
|7 jn19990000868
|4 cmp
|
| 245 |
1 |
0 |
|a 6 Trios, Op. 9
|h [hudebnina] :
|b für 2 Violinen und Violoncell /
|c Luigi Boccherini ; neuausg., hrsg. und bezeichnet von Wilh. Altmann
|
| 260 |
|
|
|a Braunschweig :
|b Litolff,
|c [1910?]
|
| 300 |
|
|
|a 27, 20, 19 s.
|
| 490 |
1 |
|
|a Collection Litolff ;
|v Nr. 2450
|
| 700 |
1 |
|
|a Altmann, Wilhelm,
|d 1862-1951
|7 skuk0000030
|4 edt
|
| 830 |
|
0 |
|a Collection Litolff
|
| 910 |
|
|
|a BOA001
|b Mus4-0451.397
|
| 990 |
|
|
|a MU
|
| 991 |
|
|
|b 200609
|
| 996 |
6 |
|
|b 2619226328
|c Mus4-0451.397
|l MZK
|r Sklad / do 1 hodiny
|n 1
|w 000825016
|u 000010
|a 1
|e BOA001
|j MZK50
|s P
|